000 00931nam a22002057a 4500
999 _c57153
_d57153
005 20221107122642.0
008 191206s2019 tu ||||| |||| 00| 0 tur d
020 _a9786058272156x
041 _atur
080 _a811.512.16 Y-40
245 _aYedi Iklim Turkce :
_b A1 Ders Kitabı /
_cedit : Seref Ates ; Mustafa Balci.
264 _aAnkara :
_bYunus emre enstitusu
_c2019.
300 _a191 p.:
_bill.:
_c29 cm.
653 _aთურქული ენა
653 _aშვიდი კლიმატის თურქული A1 სახელმძღვანელო და სავარჯიშო რვეული
700 _a Ates, Seref
_eრედაქტორი
_95692
700 _a Mustafa Balci
_eრედაქტორი
_95694
856 _uhttps://www.yee.org.tr/tr/yayin/yedi-iklim-turkce-a1-ders-kitabi
_yელექტრონული ფაილი pdf
942 _2udc
_cBK